| 000 | 00953nam a2200241 i 4500 | ||
|---|---|---|---|
| 001 | 157567 | ||
| 003 | ES-MaACL | ||
| 005 | 20250824052157.0 | ||
| 008 | 040901e1868 sp |||| | spa d | ||
| 040 |
_aCAM _bspa _cCAM |
||
| 100 | 1 |
_aLeroy, Louis, _9128898 _eaut _d1812-1885 |
|
| 245 | 1 | 3 |
_aLe chemin retrouvé : _bcomédie en quatre actes / _cde Louis Leroy et Regnier. |
| 260 |
_aParis : _bLibrairie Internationale : _bA. Lacroix, Verboeckhoven & Cie, _c1868 _f(Imp. L. Poupart-Davyl) |
||
| 300 |
_a162 p. ; _c18 cm. |
||
| 490 | 1 | _aNouvelle bibliothèque dramatique | |
| 655 | 0 |
_aTeatro _9234794 |
|
| 700 | 1 |
_aRégnier de La Brière, François, _d1807-1885 _eaut _9241267 |
|
| 830 | 0 |
_aNouvelle bibliothèque dramatique _9221801 |
|
| 852 |
_aES-MaACL _cDEPOF _hDonativo Haes _jT-217-F-7 _xEn lomo: Haes _xEnc. en un vol. facticio _xHolandesa |
||
| 942 |
_cFOLLETOS _n0 |
||
| 999 |
_c157567 _d157567 |
||